Fluid mechanics through worked out problems (Record no. 2538)

000 -LEADER
fixed length control field 00578nam a22002177a 4500
001 - CONTROL NUMBER
control field 2538
003 - CONTROL NUMBER IDENTIFIER
control field BD-DhUET
008 - FIXED-LENGTH DATA ELEMENTS--GENERAL INFORMATION
fixed length control field 140924b xxu||||| |||| 00| 0 eng d
020 ## - INTERNATIONAL STANDARD BOOK NUMBER
International Standard Book Number 9843109230
040 ## - CATALOGING SOURCE
Transcribing agency 0
Modifying agency BD-DhUET
082 ## - DEWEY DECIMAL CLASSIFICATION NUMBER
Classification number 532
Item number QUA/2006
100 ## - MAIN ENTRY--PERSONAL NAME
Personal name Quamrul Islam , Md.
245 ## - TITLE STATEMENT
Title Fluid mechanics through worked out problems
250 ## - EDITION STATEMENT
Edition statement 1st ed.
260 ## - PUBLICATION, DISTRIBUTION, ETC. (IMPRINT)
Place of publication, distribution, etc. Gazipur
Name of publisher, distributor, etc. Islamic University of Technology
Date of publication, distribution, etc. 2006
300 ## - PHYSICAL DESCRIPTION
Extent xii,777 p.
504 ## - BIBLIOGRAPHY, ETC. NOTE
Bibliography, etc Includes bibliographies
650 #0 - SUBJECT ADDED ENTRY--TOPICAL TERM
Topical term or geographic name as entry element Fluid mechanics
700 ## - ADDED ENTRY--PERSONAL NAME
Personal name Mondal , Amalesh Chandra
942 ## - ADDED ENTRY ELEMENTS (KOHA)
Koha item type General Book
Holdings
Koha date last seen Koha issues (times borrowed) Koha item type Koha normalized classification for sorting Lost status Koha renewals Not for loan Date acquired Koha date last borrowed Shelving location Source of classification or shelving scheme Koha full call number Koha out on loan Sublocation or collection (holding branch) Location (home branch) Price effective from Withdrawn status Damaged status Copy number Piece designation (barcode)
2024-08-319General Book532QUA2006   2014-09-242024-08-31Circulation section 532/QUA/20062024-09-14Central Library, BUETCentral Library, BUET2014-09-24  1102749
2025-11-0916General Book532_000000000000000_QUA_2006   2014-09-242025-08-10Circulation section 532/QUA/2006 Central Library, BUETCentral Library, BUET2014-09-24  2102750
2026-04-1215General Book532_000000000000000_QUA_2006 1 2014-09-242026-03-30Circulation section 532/QUA/2006 Central Library, BUETCentral Library, BUET2014-09-24  3102751
2025-06-3024General Book532_000000000000000_QUA_2006   2015-08-172025-06-30Circulation section 532/QUA/20062025-07-14Central Library, BUETCentral Library, BUET2015-08-17  4102748
2023-12-0210General Book532_000000000000000_QUA_2006   2006-11-062023-12-02Circulation section 532/QUA/20062023-12-16Central Library, BUETCentral Library, BUET2018-04-21  5102752